Aerosol-Cloud Interactions from Urban, Regional, to Global Scales / (Record no. 616063)

000 -LEADER
fixed length control field 00484nam a22001697a 4500
003 - CONTROL NUMBER IDENTIFIER
control field NUST
005 - DATE AND TIME OF LATEST TRANSACTION
control field 20260203141308.0
008 - FIXED-LENGTH DATA ELEMENTS--GENERAL INFORMATION
fixed length control field 260203b ||||| |||| 00| 0 eng d
020 ## - INTERNATIONAL STANDARD BOOK NUMBER
International Standard Book Number 978-3662515945
082 ## - DEWEY DECIMAL CLASSIFICATION NUMBER
Classification number 551.5
100 ## - MAIN ENTRY--PERSONAL NAME
Personal name Wang, Yuan.
9 (RLIN) 133068
245 ## - TITLE STATEMENT
Title Aerosol-Cloud Interactions from Urban, Regional, to Global Scales /
Statement of responsibility, etc. Wang, Yuan.
260 ## - PUBLICATION, DISTRIBUTION, ETC.
Place of publication, distribution, etc. London:
Name of publisher, distributor, etc. Springer,
Date of publication, distribution, etc. 2016.
300 ## - PHYSICAL DESCRIPTION
Extent 107 p ;
Dimensions 6.1 x 0.26 x 9.25 inches
563 ## - BINDING INFORMATION
Binding note Hardcover
942 ## - ADDED ENTRY ELEMENTS (KOHA)
Source of classification or shelving scheme
Koha item type Book
Holdings
Withdrawn status Lost status Source of classification or shelving scheme Damaged status Not for loan Permanent Location Current Location Date acquired Total Checkouts Full call number Barcode Date last seen Price effective from Koha item type
          Institute of Geographical Information Systems (IGIS) Institute of Geographical Information Systems (IGIS) 02/03/2026   551.5 IGIS-1095 02/03/2026 02/03/2026 Book
          Institute of Geographical Information Systems (IGIS) Institute of Geographical Information Systems (IGIS) 02/03/2026   551.5 IGIS-1096 02/03/2026 02/03/2026 Book
© 2023 Central Library, National University of Sciences and Technology. All Rights Reserved.